00571nam a2200169 a 450000100100000000500170001000800410002704000250006810000300009324500470012326000320017030000210020265000260022365000300024995201050027999900170038400003628820200930075641.0120112s1980 fr 000 f spa d aDO-SdBNPbspacBNPHU1 aSallenave, Daniele96241414aLes portes de Gubbio /cDaniele Sallenave. aParís :bHachette,c1980. a308 p. ;c21 cm.24aNovela francesa9107524aLiteratura francesa91074 001050718MOaGRbGRcCTd2012-01-12iLF1l0o p36289-10r2020-06-25w2020-06-25y1ZNo se presta c35779d35779